[Event "XIV American Continental"]
[Site "Sao Paulo BRA"]
[Date "2019.07.09"]
[Round "7.103"]
[White "Olivo, Anibal Ribeiro"]
[Black "De Oliveira, Francemir Barra"]
[Result "0-1"]
[WhiteElo "1649"]
[BlackElo "1600"]
[EventDate "2019.07.05"]
[PlyCount "37"]
[EventRounds "11"]
[EventCountry "BRA"]

1.e4 e5 2.Nf3 Nc6 3.Bb5 Bc5 4.O-O d6 5.c3 Bg4 6.d3 Ne7 7.Qe2 a6 8.Ba4 b5 
9.Bc2 Ng6 10.Nbd2 O-O 11.h3 Nf4 12.Qd1 Qc8 13.hxg4 Qxg4 14.Nh4 Ne2+ 15.
Qxe2 Qxe2 16.Nhf3 f5 17.d4 exd4 18.cxd4 Bxd4 19.Nxd4 0-1

[Event "XIV American Continental"]
[Site "Sao Paulo BRA"]
[Date "2019.07.09"]
[Round "7.104"]
[White "Nobre, Jose Adalberto Barbosa"]
[Black "Passos Coutinho, Eduardo"]
[Result "1-0"]
[WhiteElo "1577"]
[BlackElo "1728"]
[EventDate "2019.07.05"]
[PlyCount "91"]
[EventRounds "11"]
[EventCountry "BRA"]

1.e4 c6 2.d3 d5 3.Nd2 e5 4.Ngf3 Bg4 5.h3 Bxf3 6.Qxf3 Nf6 7.g4 h6 8.Bg2 
Nbd7 9.O-O Be7 10.Re1 Qc7 11.Nf1 Nf8 12.Ne3 d4 13.Nf5 Ne6 14.a3 Nd7 15.h4 
Ndf8 16.Nxe7 Qxe7 17.h5 g5 18.Qd1 Nf4 19.c3 N8e6 20.Bxf4 Nxf4 21.cxd4 exd4
22.Rc1 O-O 23.e5 Nxg2 24.Kxg2 Rad8 25.Re4 Rd5 26.Qe2 Re8 27.Re1 Qe6 28.Qf3
c5 29.Kf1 b5 30.Qd1 Rd7 31.f3 Rde7 32.Qc2 Qd5 33.Rc1 Rc8 34.Qf2 Rce8 35.b4
cxb4 36.axb4 Qb3 37.Qxd4 Qa3 38.Rc6 Qb3 39.Rxh6 Qd1+ 40.Kg2 Qd2+ 41.Kg3 
Re6 42.Rxe6 Rxe6 43.Qe3 Qxe3 44.Rxe3 f6 45.d4 Kg7 46.d5 1-0

[Event "XIV American Continental"]
[Site "Sao Paulo BRA"]
[Date "2019.07.10"]
[Round "8.1"]
[White "Iturrizaga Bonelli, Eduardo"]
[Black "Pichot, Alan"]
[Result "1/2-1/2"]
[WhiteElo "2625"]
[BlackElo "2579"]
[EventDate "2019.07.05"]
[PlyCount "24"]
[EventRounds "11"]
[EventCountry "BRA"]

1.d4 Nf6 2.c4 e6 3.g3 d5 4.Bg2 Bb4+ 5.Bd2 Be7 6.Nf3 O-O 7.O-O Nbd7 8.Qc2 
c6 9.Bf4 Nh5 10.Bc1 Nhf6 11.Bf4 Nh5 12.Bc1 Nhf6 1/2-1/2

[Event "XIV American Continental"]
[Site "Sao Paulo BRA"]
[Date "2019.07.10"]
[Round "8.5"]
[White "Perez Ponsa, Federico"]
[Black "Santiago, Yago de Moura"]
[Result "1/2-1/2"]
[WhiteElo "2560"]
[BlackElo "2473"]
[EventDate "2019.07.05"]
[PlyCount "37"]
[EventRounds "11"]
[EventCountry "BRA"]

1.e4 e6 2.d4 d5 3.Nc3 Nf6 4.Bg5 Bb4 5.e5 h6 6.Bd2 Bxc3 7.bxc3 Ne4 8.Bc1 c5
9.Ne2 f6 10.Ng3 O-O 11.Nxe4 dxe4 12.exf6 Qxf6 13.Be3 Nc6 14.Qd2 cxd4 15.
cxd4 e5 16.Bc4+ Kh8 17.d5 Nd4 18.c3 Nf5 19.g3 1/2-1/2

[Event "XIV American Continental"]
[Site "Sao Paulo BRA"]
[Date "2019.07.10"]
[Round "8.6"]
[White "Hernandez Sanchez, Jairo Andres"]
[Black "Fier, Alexandr"]
[Result "0-1"]
[WhiteElo "2387"]
[BlackElo "2547"]
[EventDate "2019.07.05"]
[PlyCount "123"]
[EventRounds "11"]
[EventCountry "BRA"]

1.e4 c5 2.Nf3 Nc6 3.Bb5 d6 4.O-O Bd7 5.Re1 Nf6 6.c3 a6 7.Bf1 Bg4 8.h3 Bxf3
9.Qxf3 e6 10.Na3 Rc8 11.Nc2 Ne5 12.Qd1 Qc7 13.d3 Be7 14.f4 Ned7 15.g4 h6 
16.Bg2 b5 17.Be3 Nb6 18.Rc1 Nfd7 19.Bf2 e5 20.fxe5 dxe5 21.Qe2 Bg5 22.Rcd1
Bf4 23.Ne3 g6 24.d4 O-O 25.dxc5 Nxc5 26.Nd5 Nxd5 27.exd5 Qd6 28.Be3 e4 29.
Bxf4 Qxf4 30.b4 Na4 31.Qxe4 Qxe4 32.Bxe4 Nxc3 33.Rd4 Rfe8 34.Kf1 Rc4 35.
Rxc4 bxc4 36.d6 Rd8 37.Re3 Nxa2 38.Bd5 Nxb4 39.Bxc4 Rxd6 40.Rf3 Rd7 41.h4 
Kg7 42.h5 g5 43.Kf2 a5 44.Ra3 Rd4 45.Be2 Nc6 46.Kg3 Rb4 47.Bf3 Nd4 48.Bd1 
Rb5 49.Ra4 Ne6 50.Be2 Re5 51.Bf3 Nc5 52.Ra3 a4 53.Bd1 Re4 54.Rc3 Rd4 55.
Rxc5 Rxd1 56.Ra5 Rd3+ 57.Kg2 a3 58.Ra7 Rd2+ 59.Kf3 a2 60.Ra6 Rb2 61.Ke4 
Rf2 62.Kd4 0-1

[Event "XIV American Continental"]
[Site "Sao Paulo BRA"]
[Date "2019.07.10"]
[Round "8.13"]
[White "Salinas Herrera, Pablo"]
[Black "Proudian, Armen"]
[Result "1-0"]
[WhiteElo "2498"]
[BlackElo "2429"]
[EventDate "2019.07.05"]
[PlyCount "149"]
[EventRounds "11"]
[EventCountry "BRA"]

1.d4 Nf6 2.c4 e6 3.Nf3 d5 4.Nc3 Bb4 5.cxd5 exd5 6.Bg5 h6 7.Bh4 g5 8.Bg3 
Ne4 9.Nd2 Nxg3 10.hxg3 c6 11.a3 Be7 12.e4 Be6 13.e5 Nd7 14.Nb3 a5 15.Bd3 
a4 16.Nc1 b5 17.N1e2 Nb6 18.Qc2 Nc4 19.O-O Qb6 20.Bxc4 dxc4 21.Rad1 O-O-O 
22.d5 Bxd5 23.Nd4 Bxg2 24.Nf5 Bxf1 25.Nxe7+ Kb7 26.Kxf1 Qc5 27.Nf5 Qxe5 
28.Re1 Qc5 29.Re7+ Ka6 30.Qe4 Rd2 31.Ne3 f5 32.Qe6 f4 33.Ne4 Rxf2+ 34.Nxf2
fxe3 35.Ne4 Qd5 36.Qd7 Qxd7 37.Nc5+ Kb6 38.Nxd7+ Kc7 39.Ke2 Rd8 40.Nf6+ 
Kd6 41.Rxe3 c5 42.Re4 Rf8 43.Ng4 h5 44.Ne3 Rh8 45.Kd2 Rg8 46.Nf5+ Kd5 47.
Re2 Rf8 48.Ne3+ Kd6 49.Rh2 Rh8 50.Ke2 Ke6 51.Kf3 Ke5 52.Rd2 Rf8+ 53.Ke2 
Ke4 54.Rd7 h4 55.gxh4 gxh4 56.Rh7 Rf4 57.Rh5 Kd4 58.Nf5+ Kd5 59.Nxh4+ Kc6 
60.Rh6+ Kb7 61.Nf3 Rg4 62.Nd2 Rg3 63.Ne4 Rg2+ 64.Ke3 Rxb2 65.Nxc5+ Kc7 66.
Kd4 Ra2 67.Rh3 Kb6 68.Ne4 Ra1 69.Rh6+ Kc7 70.Nc3 Kb7 71.Nxb5 Rb1 72.Nd6+ 
Ka7 73.Nxc4 Rb5 74.Rc6 Rb3 75.Rc5 1-0

[Event "XIV American Continental"]
[Site "Sao Paulo BRA"]
[Date "2019.07.10"]
[Round "8.14"]
[White "Acosta, Pablo Alejandro"]
[Black "Hambleton, Aman"]
[Result "1/2-1/2"]
[WhiteElo "1992"]
[BlackElo "2487"]
[EventDate "2019.07.05"]
[PlyCount "43"]
[EventRounds "11"]
[EventCountry "BRA"]

1.e4 c5 2.Nf3 e6 3.d4 cxd4 4.Nxd4 a6 5.Bd3 Qb6 6.Nb3 Qc7 7.O-O d6 8.f4 Nd7
9.Qe2 Ngf6 10.c4 b6 11.Nc3 Bb7 12.f5 Ne5 13.fxe6 fxe6 14.Bf4 Be7 15.Kh1 
O-O 16.Rac1 Rac8 17.Bxe5 dxe5 18.c5 b5 19.a4 b4 20.Nb1 a5 21.N1d2 Bc6 22.
Bb5 1/2-1/2

[Event "XIV American Continental"]
[Site "Sao Paulo BRA"]
[Date "2019.07.10"]
[Round "8.19"]
[White "Molina, Roberto Junio Brito"]
[Black "Brito, Luismar"]
[Result "1/2-1/2"]
[WhiteElo "2464"]
[BlackElo "2298"]
[EventDate "2019.07.05"]
[PlyCount "76"]
[EventRounds "11"]
[EventCountry "BRA"]

1.d4 Nf6 2.c4 e6 3.Nc3 Bb4 4.Qc2 c5 5.dxc5 Bxc5 6.Nf3 Nc6 7.Bg5 h6 8.Bh4 
a6 9.e3 b6 10.Be2 Bb7 11.O-O Qc7 12.Rfd1 Be7 13.Rac1 Rc8 14.Nb5 axb5 15.
cxb5 O-O 16.bxc6 Bxc6 17.Nd4 Qb7 18.Nxc6 Rxc6 19.Qb3 d5 20.Qb5 Rfc8 21.
Rxc6 Rxc6 22.Bd3 Rc5 23.Qa4 Ra5 24.Qb3 Qc6 25.a3 Rc5 26.f3 Kf8 27.Bf2 Rc1 
28.Kf1 Bd6 29.h3 e5 30.Ke2 e4 31.fxe4 dxe4 32.Bb5 Qc5 33.Rxc1 Qxc1 34.Bc4 
Nd7 35.Be1 Ne5 36.Ba6 Nd3 37.Bc3 Bc5 38.Bd2 Qxb2 1/2-1/2

[Event "XIV American Continental"]
[Site "Sao Paulo BRA"]
[Date "2019.07.10"]
[Round "8.21"]
[White "Abdalla, Luiz Guilherme Aurelli"]
[Black "Sanchez Alvarez, Roberto Carlos"]
[Result "1-0"]
[WhiteElo "2245"]
[BlackElo "2434"]
[EventDate "2019.07.05"]
[PlyCount "93"]
[EventRounds "11"]
[EventCountry "BRA"]

1.d4 Nf6 2.c4 e6 3.Nf3 b6 4.g3 Ba6 5.b3 Bb4+ 6.Bd2 Be7 7.Nc3 d5 8.cxd5 
exd5 9.Bg2 O-O 10.Ne5 Bb7 11.O-O Nbd7 12.Nd3 Re8 13.b4 Ne4 14.Nxe4 dxe4 
15.Nf4 Nf6 16.e3 Bd6 17.Nh5 Nd5 18.f3 Nxb4 19.fxe4 Bxe4 20.Bxe4 Rxe4 21.
Rxf7 Kxf7 22.Qf3+ Kg8 23.Qxe4 Qe8 24.Qf3 Rd8 25.Rf1 Qe6 26.Nf4 Qc4 27.Bxb4
Bxb4 28.d5 Rf8 29.Qg4 Qe4 30.Qe6+ Qxe6 31.Nxe6 Rxf1+ 32.Kxf1 Bd6 33.Ke2 
Kf7 34.Kd3 Kf6 35.Ke4 a6 36.Nd4 b5 37.Nc6 Bc5 38.Nb8 Kg5 39.Nxa6 Bd6 40.
Kd4 h5 41.Nc5 Kg4 42.e4 Kh3 43.e5 Be7 44.Ne6 Kxh2 45.Nxg7 h4 46.gxh4 Bxh4 
47.Kc5 1-0

[Event "XIV American Continental"]
[Site "Sao Paulo BRA"]
[Date "2019.07.10"]
[Round "8.23"]
[White "Almiron, Antonio"]
[Black "Tsuboi, Edson Kenji"]
[Result "0-1"]
[WhiteElo "2402"]
[BlackElo "2233"]
[EventDate "2019.07.05"]
[PlyCount "86"]
[EventRounds "11"]
[EventCountry "BRA"]

1.d4 Nf6 2.Nf3 e6 3.e3 b6 4.Bd3 Bb7 5.O-O d5 6.b3 Bd6 7.c4 Nbd7 8.Bb2 Ne4 
9.Nbd2 Qe7 10.Qe2 a6 11.Rac1 O-O 12.Rc2 Rfd8 13.Rfc1 c5 14.Nf1 f5 15.Ne5 
Nxe5 16.dxe5 Bc7 17.f3 g6 18.Kh1 dxc4 19.bxc4 Nf2+ 20.Qxf2 Rxd3 21.Rd2 
Rxd2 22.Qxd2 Rd8 23.Qc2 Qd7 24.Kg1 Qd3 25.Qxd3 Rxd3 26.Kf2 Bc6 27.Ke2 Rd7 
28.Nd2 Kf7 29.e4 fxe4 30.Nxe4 Bxe4 31.fxe4 Bd8 32.Bc3 b5 33.Bd2 Rxd2+ 34.
Kxd2 Bg5+ 35.Kc2 Bxc1 36.Kxc1 Ke7 37.Kc2 Kd7 38.Kc3 Kc6 39.Kb3 Kb6 40.g4 
g5 41.h3 Ka5 42.a3 h6 43.a4 b4 0-1

[Event "XIV American Continental"]
[Site "Sao Paulo BRA"]
[Date "2019.07.10"]
[Round "8.25"]
[White "Alboredo, Julia"]
[Black "Barria Zuniga, Daniel"]
[Result "1/2-1/2"]
[WhiteElo "2175"]
[BlackElo "2379"]
[EventDate "2019.07.05"]
[PlyCount "50"]
[EventRounds "11"]
[EventCountry "BRA"]

1.e4 c5 2.Nf3 e6 3.g3 Nf6 4.Qe2 d5 5.exd5 Nxd5 6.Bg2 Nc6 7.O-O Nde7 8.c3 
Nf5 9.Re1 Bd6 10.Na3 O-O 11.Nb5 a6 12.Nxd6 Qxd6 13.g4 Nh6 14.h3 e5 15.d3 
f5 16.Bxh6 Qxh6 17.g5 Qh5 18.Nd4 Qxe2 19.Nxe2 f4 20.Bd5+ Kh8 21.Bxc6 bxc6 
22.Kh2 Bf5 23.d4 cxd4 24.cxd4 Rae8 25.dxe5 Rxe5 1/2-1/2

[Event "XIV American Continental"]
[Site "Sao Paulo BRA"]
[Date "2019.07.10"]
[Round "8.26"]
[White "Do Valle Cardoso, Lucas"]
[Black "Gemy, Jose Daniel"]
[Result "0-1"]
[WhiteElo "2132"]
[BlackElo "2371"]
[EventDate "2019.07.05"]
[PlyCount "96"]
[EventRounds "11"]
[EventCountry "BRA"]

1.e4 e5 2.Nf3 Nc6 3.Bb5 a6 4.Ba4 Nf6 5.O-O Be7 6.Bxc6 dxc6 7.d3 Bd6 8.Nbd2
Be6 9.b3 Nd7 10.Nc4 f6 11.Qe2 Qe7 12.a4 g5 13.c3 h5 14.d4 O-O-O 15.dxe5 
Bxc4 16.exd6 Bxe2 17.dxe7 Rde8 18.Re1 Bxf3 19.gxf3 Ne5 20.Kg2 Rxe7 21.h3 
Rd7 22.Be3 Nd3 23.Red1 Rhd8 24.Rd2 Nf4+ 25.Bxf4 Rxd2 26.Bxd2 Rxd2 27.Rf1 
Kd7 28.h4 Rd3 29.Rh1 gxh4 30.Rxh4 Rxc3 31.Rxh5 Rxb3 32.Rh7+ Kd6 33.Rf7 Rb4
34.Rxf6+ Ke7 35.Rh6 Rxa4 36.Kg3 b5 37.Kf4 b4 38.Rxc6 Kd7 39.Rc1 a5 40.Rd1+
Ke6 41.Rb1 Ra2 42.Rc1 b3 43.Rxc7 Rd2 44.Rb7 a4 45.Rb6+ Kd7 46.e5 b2 47.e6+
Ke7 48.Rb4 a3 0-1

[Event "XIV American Continental"]
[Site "Sao Paulo BRA"]
[Date "2019.07.10"]
[Round "8.27"]
[White "Uribe Arteaga, Daniel"]
[Black "Tomiello, Lucas Costamilan"]
[Result "0-1"]
[WhiteElo "2304"]
[BlackElo "2133"]
[EventDate "2019.07.05"]
[PlyCount "94"]
[EventRounds "11"]
[EventCountry "BRA"]

1.Nf3 Nf6 2.b3 g6 3.g3 Bg7 4.Bb2 O-O 5.Bg2 d5 6.c4 e6 7.O-O c5 8.cxd5 exd5
9.d4 Ne4 10.Qc1 cxd4 11.Nxd4 Qb6 12.Nf3 d4 13.Nfd2 Nd6 14.Na3 Bf5 15.Nac4 
Nxc4 16.Nxc4 Qa6 17.Ba3 Rc8 18.Qf4 Be6 19.Bb2 Nc6 20.Rfc1 Rd8 21.h4 h6 22.
a4 Rac8 23.Ba3 d3 24.exd3 Nd4 25.Ra2 Nxb3 26.Re1 Na5 27.Be7 Rxd3 28.Nxa5 
Bxa2 29.Nxb7 Rd4 30.Qe3 Qxa4 31.Nd6 Rc2 32.h5 Qb3 33.hxg6 Qxe3 34.gxf7+ 
Bxf7 35.Rxe3 Rd1+ 36.Kh2 Rxf2 37.Kh3 Rdd2 38.Bc6 Rde2 39.Nf5 Rxe3 40.Nxe3 
Be6+ 41.g4 Be5 42.Ng2 h5 43.Bb4 hxg4+ 44.Kh4 Re2 45.Ba8 a5 46.Ba3 Bf6+ 47.
Kh5 Kg7 0-1

[Event "XIV American Continental"]
[Site "Sao Paulo BRA"]
[Date "2019.07.10"]
[Round "8.29"]
[White "Umetsubo, Cesar Hidemitsu"]
[Black "Gonzalez, Bolivar Ribeiro"]
[Result "1/2-1/2"]
[WhiteElo "2406"]
[BlackElo "2193"]
[EventDate "2019.07.05"]
[PlyCount "24"]
[EventRounds "11"]
[EventCountry "BRA"]

1.c4 Nf6 2.Nc3 c5 3.g3 d5 4.cxd5 Nxd5 5.Bg2 Nc7 6.Qa4+ Qd7 7.Nf3 Nc6 8.O-O
e5 9.h3 f6 10.e3 Rb8 11.Re1 b5 12.Qc2 b4 1/2-1/2

[Event "XIV American Continental"]
[Site "Sao Paulo BRA"]
[Date "2019.07.10"]
[Round "8.30"]
[White "Caetano, Ryan Wesley da Costa"]
[Black "Rodi, Luis Ernesto"]
[Result "0-1"]
[WhiteElo "2155"]
[BlackElo "2343"]
[EventDate "2019.07.05"]
[PlyCount "114"]
[EventRounds "11"]
[EventCountry "BRA"]

1.d4 d5 2.c4 e6 3.Nc3 Nf6 4.Nf3 Nbd7 5.e3 a6 6.cxd5 exd5 7.Bd3 Bd6 8.O-O 
O-O 9.a3 b6 10.e4 dxe4 11.Nxe4 Be7 12.Ng3 Bb7 13.Re1 Re8 14.Bg5 Nf8 15.Nf5
Ne6 16.Bh4 Bf8 17.Bc4 b5 18.Ba2 Bxf3 19.Qxf3 Nxd4 20.Nxd4 Qxd4 21.Bxf6 
Qxf6 22.Qxf6 gxf6 23.Rad1 Bd6 24.Bd5 Rab8 25.Kf1 Be5 26.Re2 c5 27.g3 Kf8 
28.Rdd2 h6 29.Rc2 Bd4 30.Rxe8+ Rxe8 31.b3 Re7 32.h3 Rd7 33.Be4 Ke7 34.a4 
b4 35.Bf3 Bc3 36.Be2 a5 37.Bc4 Rd4 38.Re2+ Kf8 39.Bb5 f5 40.Re3 f4 41.Rd3 
Re4 42.g4 Kg7 43.Kg2 Bd4 44.Rf3 Be5 45.Kf1 Bc3 46.Kg2 Kf6 47.Rd3 Bd4 48.
Rd2 Re1 49.Bc4 Rc1 50.Bd5 Rc3 51.h4 Be5 52.Bc4 f3+ 53.Kh3 Rc1 54.g5+ hxg5 
55.Kg4 gxh4 56.Rd7 h3 57.Kxh3 Kg5 0-1

[Event "XIV American Continental"]
[Site "Sao Paulo BRA"]
[Date "2019.07.10"]
[Round "8.31"]
[White "De Borba, Guilherme"]
[Black "Aguilar, Luis Miguel"]
[Result "1/2-1/2"]
[WhiteElo "2330"]
[BlackElo "2175"]
[EventDate "2019.07.05"]
[PlyCount "96"]
[EventRounds "11"]
[EventCountry "BRA"]

1.Nf3 g6 2.b3 Bg7 3.d4 c5 4.e3 Nf6 5.Be2 O-O 6.O-O cxd4 7.Nxd4 Nc6 8.Bb2 
d5 9.Nxc6 bxc6 10.c4 Re8 11.Nd2 a5 12.a3 Qb6 13.Rc1 Rd8 14.Bd4 Qb8 15.cxd5
cxd5 16.Nf3 Ne4 17.Bxg7 Kxg7 18.Nd4 Qd6 19.Nb5 Qe5 20.f4 Qf6 21.Nd4 Bd7 
22.Bf3 Rac8 23.Bxe4 dxe4 24.Qd2 Qb6 25.Rc2 f6 26.Rxc8 Bxc8 27.Qc3 Bd7 28.
b4 axb4 29.axb4 Rc8 30.Qd2 Bb5 31.Rc1 Rxc1+ 32.Qxc1 Bd3 33.Qd2 Bc4 34.h3 
Qa6 35.Kh2 Qa2 36.Qxa2 Bxa2 37.g4 Kf7 38.h4 h6 39.Kg3 Bd5 40.Ne2 Bb7 41.
Nc3 Ke6 42.g5 hxg5 43.hxg5 fxg5 44.fxg5 Kf5 45.Kh4 Ke5 46.Kg4 Bc8+ 47.Kh4 
Bb7 48.Kg4 Bc8+ 1/2-1/2

[Event "XIV American Continental"]
[Site "Sao Paulo BRA"]
[Date "2019.07.10"]
[Round "8.32"]
[White "Rangel, Daniel"]
[Black "Luz, Arthur Nader"]
[Result "0-1"]
[WhiteElo "2325"]
[BlackElo "2114"]
[EventDate "2019.07.05"]
[PlyCount "172"]
[EventRounds "11"]
[EventCountry "BRA"]

1.c4 Nf6 2.Nc3 g6 3.g3 Bg7 4.Bg2 O-O 5.e4 d6 6.Nge2 e5 7.O-O a6 8.d3 c6 9.
h3 b5 10.Be3 Nbd7 11.Qd2 Qe7 12.b3 Bb7 13.Rae1 b4 14.Nb1 d5 15.exd5 cxd5 
16.d4 e4 17.c5 a5 18.Bf4 Rfc8 19.a3 bxa3 20.Nxa3 Ba6 21.Ra1 Nb8 22.Rfe1 
Nc6 23.Nc3 Bd3 24.Nab5 Qd7 25.Kh2 Nh5 26.Bd6 Qb7 27.Bf1 Nxd4 28.Nxd4 Bxd4 
29.Bxd3 exd3 30.Qxd3 Bxc5 31.Bxc5 Rxc5 32.Qd4 Rac8 33.Re3 Ng7 34.Rae1 Ne6 
35.Qd2 d4 36.Rxe6 fxe6 37.Ne4 Rd5 38.Nf6+ Kf7 39.Nxd5 Qxd5 40.Qf4+ Kg7 41.
Re5 Rf8 42.Rxd5 Rxf4 43.Rd7+ Rf7 44.Rxd4 Rxf2+ 45.Kg1 Rf3 46.Kg2 Rxb3 47.
Rd7+ Kh6 48.Ra7 Rb5 49.h4 g5 50.Re7 gxh4 51.Rxe6+ Kg5 52.Ra6 hxg3 53.Kxg3 
h5 54.Ra8 h4+ 55.Kh3 Rb3+ 56.Kg2 Ra3 57.Rh8 a4 58.Kf2 h3 59.Ra8 Kf5 60.Ra7
Ke5 61.Ra8 Kd5 62.Ra7 Kc5 63.Ra8 Kc4 64.Rh8 Rc3 65.Ke2 Kb3 66.Kd2 Rc2+ 67.
Kd1 Rh2 68.Rb8+ Ka3 69.Rh8 Ka2 70.Kc1 Kb3 71.Rb8+ Kc4 72.Ra8 Kb4 73.Rb8+ 
Kc5 74.Rc8+ Kd5 75.Kb1 a3 76.Ra8 Ke5 77.Re8+ Kf4 78.Rf8+ Kg3 79.Rg8+ Kf4 
80.Rf8+ Kg3 81.Ra8 Rf2 82.Rg8+ Kf3 83.Rf8+ Kg2 84.Rg8+ Kf1 85.Rh8 h2 86.
Ka1 Kg1 0-1

[Event "XIV American Continental"]
[Site "Sao Paulo BRA"]
[Date "2019.07.10"]
[Round "8.33"]
[White "Coro, Lucas"]
[Black "Moura, Eduardo Eugenio Chaves"]
[Result "1-0"]
[WhiteElo "2312"]
[BlackElo "2101"]
[EventDate "2019.07.05"]
[PlyCount "111"]
[EventRounds "11"]
[EventCountry "BRA"]

1.e4 d6 2.d4 Nf6 3.Nc3 Nbd7 4.Nf3 e5 5.Bc4 Be7 6.O-O h6 7.a4 a5 8.Re1 c6 
9.h3 Qc7 10.Be3 Nf8 11.Qe2 g5 12.Nh2 Ng6 13.Rad1 Nf4 14.Bxf4 gxf4 15.Nf3 
Rg8 16.Kh1 Nh7 17.Bb3 Be6 18.d5 Bd7 19.Qc4 Rg7 20.Re2 Qc8 21.Kh2 c5 22.Qd3
Bf6 23.Bc4 Ke7 24.Bb5 Qc7 25.Bxd7 Qxd7 26.Nb5 Nf8 27.c3 Ng6 28.Rg1 Kf8 29.
Rc2 Kg8 30.b4 b6 31.bxc5 bxc5 32.Nd2 Kh7 33.Nc4 Rag8 34.Ncxd6 Nh4 35.g3 c4
36.Nxc4 f3 37.Ne3 Rg5 38.g4 h5 39.Rg3 hxg4 40.hxg4 Rh8 41.Nf5 Kg8 42.Kg1 
Nxf5 43.gxf5 Rxg3+ 44.fxg3 Bd8 45.c4 f2+ 46.Kxf2 Bb6+ 47.c5 Qc8 48.Kf3 
Bxc5 49.Qc4 Qd8 50.Qxc5 Qg5 51.Qc8+ Kg7 52.f6+ Qxf6+ 53.Qf5 Qxf5+ 54.exf5 
Kf6 55.g4 Kg7 56.d6 1-0

[Event "XIV American Continental"]
[Site "Sao Paulo BRA"]
[Date "2019.07.10"]
[Round "8.34"]
[White "Federzoni, Enzo"]
[Black "Guimaraes, Diogo Duarte"]
[Result "0-1"]
[WhiteElo "2140"]
[BlackElo "2307"]
[EventDate "2019.07.05"]
[PlyCount "92"]
[EventRounds "11"]
[EventCountry "BRA"]

1.Nf3 Nf6 2.g3 d5 3.Bg2 Bf5 4.O-O Nc6 5.d4 e6 6.c3 Be7 7.Nbd2 Ne4 8.Nxe4 
Bxe4 9.b4 O-O 10.a4 a5 11.b5 Nb8 12.Ba3 Nd7 13.Nd2 Bxg2 14.Kxg2 Bxa3 15.
Rxa3 c5 16.c4 cxd4 17.cxd5 e5 18.e4 dxe3 19.fxe3 Nc5 20.Nc4 Qe7 21.e4 Nxe4
22.Re3 f5 23.d6 Qe6 24.Nb6 Rad8 25.Qd5 Rxd6 26.Qxe6+ Rxe6 27.Nc4 b6 28.Rd3
g6 29.Rd7 Rc8 30.Ne3 Rc3 31.Nd5 Rc2+ 32.Kg1 Nc5 33.Rc7 Rd6 34.Rd1 Kh8 35.
h4 e4 36.Kf1 Ra2 37.Rd4 Rd7 38.Rxd7 Nxd7 39.Nf4 Nc5 40.Rd6 Nxa4 41.Rd7 Nc5
42.Re7 Kg8 43.Nd5 Rb2 44.Nf6+ Kf8 45.Rxh7 Rxb5 46.Kf2 Rb3 0-1

[Event "XIV American Continental"]
[Site "Sao Paulo BRA"]
[Date "2019.07.10"]
[Round "8.35"]
[White "Filgueiras, Nathan Felipe"]
[Black "Labussiere, Yago"]
[Result "1-0"]
[WhiteElo "2259"]
[BlackElo "2101"]
[EventDate "2019.07.05"]
[PlyCount "73"]
[EventRounds "11"]
[EventCountry "BRA"]

1.d4 Nf6 2.c4 g6 3.Nc3 Bg7 4.e4 d6 5.f3 O-O 6.Bf4 c5 7.d5 e6 8.Qd2 exd5 9.
cxd5 a6 10.a4 Re8 11.Nge2 Nbd7 12.Nd1 Qc7 13.Nec3 Ne5 14.Be2 c4 15.O-O 
Nfd7 16.Nf2 Nc5 17.Ra3 Bd7 18.Be3 b5 19.axb5 axb5 20.Rxa8 Rxa8 21.f4 Ned3 
22.Nxd3 cxd3 23.Bxd3 Nxd3 24.Qxd3 b4 25.Nb5 Qb8 26.Nd4 Qb7 27.h3 Re8 28.f5
Be5 29.Qd2 Qb8 30.Qf2 Bxd4 31.Bxd4 Rf8 32.Qh4 Qd8 33.Qh6 f6 34.fxg6 Qe7 
35.Rxf6 Rxf6 36.Bxf6 Qxf6 37.gxh7+ 1-0

[Event "XIV American Continental"]
[Site "Sao Paulo BRA"]
[Date "2019.07.10"]
[Round "8.36"]
[White "Donoso Diaz, Sebastian"]
[Black "Carvalho, Rafael Cunha de"]
[Result "1-0"]
[WhiteElo "2239"]
[BlackElo "2096"]
[EventDate "2019.07.05"]
[PlyCount "131"]
[EventRounds "11"]
[EventCountry "BRA"]

1.c4 e6 2.Nf3 d5 3.e3 c5 4.cxd5 exd5 5.d4 Nc6 6.Be2 Nf6 7.O-O Be7 8.b3 O-O
9.Bb2 Re8 10.Nc3 a6 11.Rc1 cxd4 12.Nxd4 Nxd4 13.Qxd4 Be6 14.Bf3 Qd6 15.
Rfd1 Red8 16.Ne2 Ne8 17.Nf4 Bf6 18.Qd2 Bxb2 19.Qxb2 Nf6 20.Rd4 Rac8 21.
Rcd1 Qc7 22.h3 h6 23.Qa3 Rd7 24.R4d2 Kh8 25.Qb2 Kg8 26.Qb1 Kf8 27.g3 Rcd8 
28.Rd4 Rc8 29.b4 b5 30.R4d2 Qc3 31.Ne2 Qc7 32.Nf4 Qc3 33.Ne2 Qc7 34.Bg2 
Qb6 35.Nf4 Qc7 36.e4 d4 37.a3 Bc4 38.Rxd4 Rcd8 39.Nd5 Bxd5 40.exd5 Rd6 41.
Qc1 Qd7 42.Qf4 Rc8 43.Rc1 Rxc1+ 44.Qxc1 Ne8 45.Rd3 Qa7 46.Qc5 Qd7 47.Re3 
Nf6 48.Qc2 g6 49.Rd3 Kg7 50.Qc3 Kh7 51.Rd4 Kg8 52.Qd2 Kg7 53.Rf4 Kh7 54.
Rh4 Ng8 55.Qe3 Kg7 56.Rf4 Kf8 57.h4 h5 58.Qc5 Kg7 59.Bh3 Qd8 60.Qc3+ Rf6 
61.Rd4 Kf8 62.d6 Kg7 63.d7 Ne7 64.Rd6 Ng8 65.Rxf6 Nxf6 66.Qc8 1-0

[Event "XIV American Continental"]
[Site "Sao Paulo BRA"]
[Date "2019.07.10"]
[Round "8.37"]
[White "Cherniack, Alex"]
[Black "Araujo, Sergio Murilo"]
[Result "1-0"]
[WhiteElo "2231"]
[BlackElo "2090"]
[EventDate "2019.07.05"]
[PlyCount "102"]
[EventRounds "11"]
[EventCountry "BRA"]

1.e4 d6 2.d4 Nf6 3.Nc3 g6 4.Be3 Bg7 5.f3 c6 6.Qd2 O-O 7.O-O-O Nbd7 8.Bh6 
e5 9.d5 c5 10.g4 Qe7 11.h4 a6 12.Nge2 Re8 13.Bxg7 Kxg7 14.Ng3 Ng8 15.Bg2 
Nf8 16.Rdg1 Kh8 17.Nce2 b5 18.g5 Ra7 19.h5 b4 20.f4 exf4 21.Nxf4 Qe5 22.
Bf3 a5 23.Nd3 Qe7 24.Nf2 a4 25.Qf4 a3 26.b3 Qe5 27.Qxe5+ Rxe5 28.Nf1 Ba6 
29.Ne3 Nd7 30.Nd3 Re8 31.Ng4 Bxd3 32.cxd3 Kg7 33.Kd2 Ne5 34.Be2 Nxg4 35.
Rxg4 Re5 36.h6+ Kf8 37.Rf1 Rc7 38.Rc1 Rce7 39.Rc4 Ke8 40.Bf3 f6 41.d4 cxd4
42.Rxd4 Rb7 43.Rg1 fxg5 44.Re1 Nxh6 45.Rc1 g4 46.Bg2 Rf7 47.Ke1 Ng8 48.Rd3
Nh6 49.Bh1 Rb7 50.Kf2 Rg5 51.Kg3 Ng8 1-0

[Event "XIV American Continental"]
[Site "Sao Paulo BRA"]
[Date "2019.07.10"]
[Round "8.38"]
[White "Pereira, Geanfrancesco"]
[Black "Jodorcovsky Werjivker, Paulo"]
[Result "1/2-1/2"]
[WhiteElo "2068"]
[BlackElo "2228"]
[EventDate "2019.07.05"]
[PlyCount "96"]
[EventRounds "11"]
[EventCountry "BRA"]

1.c4 e6 2.Nf3 Nf6 3.g3 d5 4.Bg2 Be7 5.O-O O-O 6.b3 c5 7.cxd5 Nxd5 8.Bb2 
Nc6 9.d4 cxd4 10.Nxd4 Bf6 11.Nxc6 bxc6 12.Bxf6 Qxf6 13.Nd2 Ba6 14.Ne4 Qb2 
15.Re1 Qe5 16.Qd2 Rfd8 17.Qa5 Bxe2 18.Rac1 Qh5 19.Rxc6 Bf3 20.Ra6 Bxg2 21.
Rxa7 Rac8 22.Kxg2 Qg4 23.Qd2 e5 24.Kg1 Nf4 25.Qb4 Rd4 26.Qb7 Rf8 27.Ra8 
Rdd8 28.Rxd8 Rxd8 29.Qe7 Rc8 30.Qh4 Qe2 31.Ra1 Ng6 32.Qh3 Rc2 33.Qf5 Rxa2 
34.Rxa2 Qxa2 35.Nc5 h6 36.h4 Qa1+ 37.Kg2 Qd4 38.Qc2 Qg4 39.Kh2 h5 40.Ne4 
f6 41.Qc4+ Kh7 42.b4 Nf4 43.gxf4 Qxf4+ 44.Kg1 Qg4+ 45.Kf1 Qd1+ 46.Kg2 Qg4+
47.Kf1 Qd1+ 48.Kg2 Qg4+ 1/2-1/2

[Event "XIV American Continental"]
[Site "Sao Paulo BRA"]
[Date "2019.07.10"]
[Round "8.39"]
[White "Pereira, Silvio Cunha"]
[Black "Almeida Junior, Alvaro Alves de"]
[Result "0-1"]
[WhiteElo "2220"]
[BlackElo "2076"]
[EventDate "2019.07.05"]
[PlyCount "42"]
[EventRounds "11"]
[EventCountry "BRA"]

1.e4 Nf6 2.e5 Nd5 3.d4 d6 4.Nf3 dxe5 5.Nxe5 c6 6.Bd3 Nd7 7.Qe2 g6 8.h4 Bg7
9.h5 Nb4 10.Bc4 Nxe5 11.dxe5 Qd4 12.c3 Nc2+ 13.Kf1 Qc5 14.b4 Nxb4 15.Ba3 
a5 16.Rh4 Qxe5 17.Re4 Qh2 18.Rxe7+ Kd8 19.Qe3 Qh1+ 20.Ke2 Bg4+ 21.f3 Qxg2+
0-1

[Event "XIV American Continental"]
[Site "Sao Paulo BRA"]
[Date "2019.07.10"]
[Round "8.40"]
[White "Terao, Juliana Sayumi"]
[Black "Montero Martinez, Cristhian"]
[Result "1-0"]
[WhiteElo "2213"]
[BlackElo "1991"]
[EventDate "2019.07.05"]
[PlyCount "87"]
[EventRounds "11"]
[EventCountry "BRA"]

1.e4 d5 2.exd5 Nf6 3.Bb5+ Bd7 4.Be2 Nxd5 5.d4 Bf5 6.a3 e6 7.Nf3 c5 8.O-O 
Nc6 9.c4 Nf6 10.Be3 cxd4 11.Nxd4 Nxd4 12.Bxd4 Bd6 13.c5 Bc7 14.Qa4+ Ke7 
15.Rd1 Qb8 16.g3 Be5 17.Nc3 Rd8 18.Bxe5 Qxe5 19.Qb4 Nd5 20.Nxd5+ exd5 21.
c6+ Kf6 22.cxb7 Rab8 23.Re1 Qc7 24.Rac1 Qxb7 25.Qd4+ Kg6 26.Qh4 h6 27.Qh5+
Kf6 28.g4 Be4 29.f3 Qb6+ 30.Kg2 Qe3 31.fxe4 g6 32.Rf1+ Kg7 33.Qe5+ Kg8 34.
Rce1 Qxe4+ 35.Qxe4 dxe4 36.b4 Rd2 37.Rf2 e3 38.Rf3 Re8 39.Kg3 Rc2 40.Bd3 
Rc3 41.Rexe3 Rxe3 42.Rxe3 Rxa3 43.b5 g5 44.Bh7+ 1-0